000
00493nam a2200133Ia 4500
008
100328s9999 xx 000 0 und d
082
_b
59040
100
_a
गडकर रेचल.
245
_a
भारतवासी बेनेइस्त्राएली.
260
_b
ग्रंथाली.
630
_a
भारतवासी बेनेइस्त्राएली.
730
_a
भारतवासी बेनेइस्त्राएली.
942
_c
BOOK
999
_c
545306
_d
545303